000 00845nam a22002537b 4500
003 3228
005 20260430124640.0
008 260430b sa a|||j |||| 00| 1 eng d
020 _a9780340351543 (hardback)
040 _aMPL
_beng
_c3228
_erda
041 _aEnglish
082 0 _aETF BLYT
100 _91468
_aBlyton, Enid
_eauthor
245 _aEnid Blyton's Five go to Billycock Hill /
_cEnid Blyton ; illustrated by Jolyne Knox
260 _aLondon :
_bHodder and Stoughton ,
_c©1984,
_c1985.
300 _a154 pages ; 5 unnumbered pages :
_billustrations ;
_c19 cm
490 _aThe Famous Five
655 0 _9188476
_aYouth Fiction
655 0 _9188659
_aAdventure Stories
655 0 _9188653
_a Suspence Fiction
655 0 _9172264
_aDetective and mystery fiction
700 _9199309
_aKnox, Jolyne
_eillustrator
942 _2ddc
_cBK
_w296
_xPhillipina Naude
_y296
_zPhillipina Naude
999 _c797539
_d797538